书目信息 |
| 题名: |
伪满洲国史
|
|
| 作者: | 姜念东 著 | |
| 分册: | ||
| 出版信息: | 长春 吉林人民出版社 1980 |
|
| 页数: | 668页 | |
| 开本: | 21cm | |
| 丛书名: | ||
| 单 册: | ||
| 中图分类: | K265.61 , K264 | |
| 科图分类: | ||
| 主题词: | ||
| 电子资源: | ||
| ISBN: | ||
| 000 | 00624nam0 2200241 450 | |
| 001 | 1539368510 | |
| 005 | 20150122110001.73 | |
| 010 | @dCNY2.30 | |
| 091 | @a11091.45 | |
| 100 | @a19950414d1980 em y0chiy0110 ea | |
| 101 | 0 | @achi |
| 102 | @aCN@b220000 | |
| 105 | @af i 000yy | |
| 200 | 1 | @a伪满洲国史@9wei man zhou guo shi@f姜念东等编 |
| 210 | @a长春@c吉林人民出版社@d1980 | |
| 215 | @a668页@c照片@d21cm | |
| 607 | @a满洲国@x史料 | |
| 607 | @2CT@3S051096@a满洲国 | |
| 690 | @aK265.61@v5 | |
| 690 | @aK264@v4 | |
| 701 | 0 | @a姜念东@9jiang nian dong@4著 |
| 801 | 0 | @aCN@bTSSF@c20150122 |
| 905 | @aZUCC@dK264@eJY10 | |
| 伪满洲国史/姜念东等编.-长春:吉林人民出版社,1980 |
| 668页:照片;21cm |
| ISBN :CNY2.30 |
| ● |
| 相关链接 |
|
|
|
|
正题名:伪满洲国史
索取号:K264/JY10
 
预约/预借
| 序号 | 登录号 | 条形码 | 馆藏地/架位号 | 状态 | 备注 |
| 1 | 7855688 | 278556885 | 学院路分馆/ [索取号:K264/JY10] | 在馆 | |
| 2 | 7855689 | 278556894 | 学院路分馆/ [索取号:K264/JY10] | 在馆 |